000 00664nam a2200205Ia 4500
005 20250507130126.0
008 008 250505s9999 xx 000 0 eng d
037 _aDIS
040 _aEASL
_beng
_cEASL
041 _aeng
_2eng
084 _a0000044, GAU
_qEASL
100 _aGaur Asha
_9561140
245 0 _aTokyo trial and the role of Indian justice Radha Binod Pal Prof. Savitri Vishwanathan
260 _aIndia
_bDelhi University. Social Sciences. Chinese and Japanese Studies
_c1986
300 _a102p.
546 _aBoth Acc. Nos. are of same dissertation
650 _aDiss
942 _cDIS
_h0000044, GAU
999 _c1317885
_d1317885